00626nam a2200181Ia 4500003000900000008004100009040001600050080001500066100002400081245013300105260004700238300001000285650002100295650001800316942000700334999001300341952009000354IN-BaIIA211028s9999 xx 000 0 eng d cIIA Library a537bBEC-2 aBecquerel, M.91741 0aTraite experimental de L'electricite et du magnetismebtome deuxiemecM. Becquerel  aParisbFirmin Didot Freres Librairesc1835 a517p. aElectricity9527 aMagnetism956 cBK c808d808 00104070aBANbKODcGENd0000-00-00l0o537/ BEC-2p834r2021-11-05w0000-00-00yBK